000 02869nam a2200217Ia 4500
999 _c9735
_d9735
005 20231012162203.0
008 231011s9999 xx 000 0 und d
020 _a84-808-8598-X
040 _aUPAN
_cBiblioteca San Vicente
_eRCAA2
041 _aspa
082 _a332.1
_bB378m
_c2004
100 _aBarquero Cabrero, José Daniel
_4coord.
245 0 _aManual de Banca, Finanzas y Seguros/
_cJosé Daniel Barquero Cabrero, Ferran Josep Huertas Colomina
250 _a3º ed.
260 _aBarcelona:
_bGestión 2000,
_c2004
300 _a518 p.;
_c26 cm.
505 _a1. El sistema financiero español, 2. El marketing en la banca, una descripciòn simplificada, 3. Prèstamos al consumo e hipotecario, 4. Nuevas formas de pago: el monedeor electrònico y las tarjetas por ESERP, 5. Alta direcciòn de entidades financieras. La gestiòn integral de activos y pasivos, un enfoque empìrico, 6. La gestiòn de tesorerìa hoy y perspectivas futuras, 7. La tesoreria en las entidades aseguradoras, 8. El sector bancario europeo: panorama y tendencias, 9. Operativa de extranejero, 10. Instrumentos de apoyo oficial a la exportaciòn, 11. El mercado español de renta fija privada, 12. Activos y mercados de renta fija: valoraciòn y volatilidad del mercado, 13.El mercado español de renta fija privada, 14. Activos y mercados re renta fija valoraciòn y volatibilidad del mercado de bonos, 15. Cartera de tipos equivalentes por plazos, 16. La gestiòn de patrimonios por grupo FIBANC, 17. Tratamiento fiscal de algunos productos financieros por grupo PLM, 18. Opciones y futuros, 19. El control de los riesgos de mercado por medio de los productos derivados por Adepa, 20. El mercado bursàtil, 21. El anàlisis fundamental: aplicaciòn en el mercado bursàtil, 22. El anàlisis gràfico, 23. Fondos de inversiòn y otras instituciones de inversiòn colectiva, 24. El sector asegurador. Su integraciòn al espacio econòmico europeo, 25. Estructura del sector asegurador por Viatalicio Seguros, 26. Pricing No Vida , 27. Comunicaciòn interna, 28. Las finanzas vistas por la Haevard Bussiness School, 29. Financiaciòn de un negocio de nueva creaciòn, 30. Apoyar a la empresa en la globalizaciòn econòmica, 31. Las pequeñas y medianas empresas ante la globalizaciòn, 32. La moneda ùnica: el Euro, 33.Relaciones pùblicas empresariales y financieras. realidad de alta direcciòn y factor de èxito, 34. Gestiòn especializada de las Relaciones Pùblicas empresariales aplicadas a una emisiòn bursàtil por ESERP, 35. Los nuevos horizonates de la banca en internet por BANKINTER, 36. Fòrmulas de financiaciòn: Leasing, crèdito y renting (aspectos fiscales y contables) por BANKINTER, 37. Aspectos financieros fiscales y contables del renting por BANKINTER
650 _2LEMB
_vManual
_xBancos
700 _aHuertas Colomina Ferran Josep
942 _cBK
_2ddc